01012cam a22003974i 4500003000900000005001700009008004100026035001800067035001800085040003300103082002200136100003700158245007700195264004000272300004500312336002100357337002500378338002300403505003400426526001000460526001000470526000900480526000900489526000900498526000900507526000900516526000900525526000900534526000800543526000800551526000800559526000800567526000800575630002600583650000500609PE-LiUPU20250731165622.0150616s r 000 0 d a(Sirsi) a6135 a(Sirsi) a6135 aPE-LiUPUbspacPE-LiUPUerda04a220.603dbB972211 aButtrick, George Arthur,eautor.14aThe Interpreter's Dictionary of the Bible.n3 /cGeorge Arthur Buttrick. 1aNashville :bAbingdon Press,c1982. a978 páginas :bIlustraciones ;c23 cm. atext2rdacontent aunmediated2rdamedia avolume2rdacarrier0 aDiccionario bíblico de K-Q. aSEG44 aSEG26 aP151 aP150 aP149 aP146 aP145 aP126 aP125 aP92 aP75 aP74 aP27 aP15 aBibliavDiccionarios.04a